000 01474cab a2200241 4500
001 L129624
008 050506n2005 000 0 eng u
035 _a(Sirsi) u129624
041 _aeng
100 _aDonohoe, Stephen
245 _aBuilding surveyors and adjudication: the implications of Hurst Stores v M L Europe Property Limited (2004)
260 _c2005
490 _aStructural Survey
_v23(1) 2005, 55-62(8)
520 _aConsiders the CA decision in "Hurst Stores v ML Europe Property Ltd" ([2004] EWCA Civ 490, [2004] BLR 249). Concludes that a person described as a project manager does not necessarily have the authority to make legally binding agreements. Where a building surveyor is acting as a project manager the extent of authority needs to be clarified. Building surveyors need to be aware that as a result of this case the possibility of a legal challenge to an adjudicator's decision is increased.
590 _aIKA190505
650 _aHOUSING GRANTS, CONSTRUCTION AND REGENERATION ACT 1996
650 _aHURST STORES AND INTERIORS LTD V M L EUROPE PROPERTY LTD
650 _aMACOB CIVIL ENGINEERING LTD V MORRISON CONSTRUCTION LTD
650 _aDISCAIN PROJECT SERVICES LTD V OPECPRIME DEVELOPMENT LTD
650 _aBUILT ENVIRONMENT-BUILDING INSPECTION-BUILDING SURVEYORS
690 _aMANAGEMENT-DISPUTE AVOIDANCE, MANAGEMENT AND RESOLUTION-DISPUTE MANAGEMENT AND RESOLUTION-ALTERNATIVE DISPUTE RESOLUTION-ADJUDICATION
942 _n0
999 _c75186
_d75186